[Event "Liberec op 18th"]
[Site "Liberec"]
[Date "2018.02.28"]
[Round "6"]
[White "Vetter, Udo"]
[Black "Pop, Tomas"]
[Result "1/2-1/2"]
[WhiteElo "1454"]
[BlackElo "1789"]
[PlyCount "59"]
[EventDate "2018.02.24"]
[EventType "swiss"]
[EventRounds "9"]
[EventCountry "CZE"]
[SourceTitle "CBM 183 Extra"]
[Source "ChessBase"]
[SourceDate "2018.04.19"]
[SourceVersion "1"]
[SourceVersionDate "2018.04.19"]
[SourceQuality "1"]

1. c4 Nf6 2. Nc3 e6 3. Nf3 c5 4. g3 b6 5. Bg2 Bb7 6. e3 d6 7. d4 cxd4 8. exd4 Nbd7 9. Bg5 Be7 10. 0-0 Rc8 11. b3 0-0 12. Rc1 Re8 13. Re1 Qc7 14. d5 e5 15. a3 h6 16. Be3 Nh7 17. Bh3 Ra8 18. Qc2 Ndf8 19. Bf5 Bc8 20. h4 Bd7 21. Kg2 Qc8 22. Bxd7 Qxd7 23. Qe2 f5 24. Nh2 Nf6 25. f4 exf4 26. Bxf4 Bd8 27. Qd3 Ng6 28. Bd2 Ne5 29. Qd4 Be7 30. Bf4 1/2-1/2

[Event "Liberec op 18th"]
[Site "Liberec"]
[Date "2018.02.25"]
[Round "2"]
[White "Bradac, Daniel"]
[Black "Pop, Tomas"]
[Result "1-0"]
[WhiteElo "2011"]
[BlackElo "1789"]
[PlyCount "69"]
[EventDate "2018.02.24"]
[EventType "swiss"]
[EventRounds "9"]
[EventCountry "CZE"]
[SourceTitle "CBM 183 Extra"]
[Source "ChessBase"]
[SourceDate "2018.04.19"]
[SourceVersion "1"]
[SourceVersionDate "2018.04.19"]
[SourceQuality "1"]

1. e4 c5 2. Nf3 e6 3. d3 Nc6 4. g3 d5 5. Nbd2 Nf6 6. Bg2 dxe4 7. dxe4 Qc7 8. 0-0 Be7 9. c3 e5 10. Qe2 Be6 11. a4 0-0 12. Nc4 h6 13. Nh4 Rfd8 14. f4 Bg4 15. Qf2 exf4 16. Bxf4 Qd7 17. e5 Nh5 18. Ne3 Nxf4 19. gxf4 Bxh4 20. Qxh4 Be2 21. Rf2 Qd3 22. Qg3 Bh5 23. Re1 Rac8 24. Bh3 Rc7 25. Rg2 g6 26. Bf5 Qa6 27. Bg4 Bxg4 28. Nxg4 Kg7 29. f5 Qd3 30. Qf4 Rh8 31. e6 Qd8 32. f6+ Kg8 33. Nxh6+ Rxh6 34. Qxh6 Qxf6 35. exf7+ 1-0

[Event "CZE-chT U18 Extraliga final-B 1617"]
[Site "Czech Republic"]
[Date "2017.04.23"]
[Round "11.5"]
[White "Kures, Michael"]
[Black "Pop, Tomas"]
[Result "1/2-1/2"]
[WhiteElo "1678"]
[BlackElo "1611"]
[PlyCount "79"]
[EventDate "2016.10.01"]
[EventType "team-tourn"]
[EventRounds "11"]
[EventCountry "CZE"]
[SourceTitle "EXT 2022"]
[Source "ChessBase"]
[SourceDate "2021.10.06"]
[SourceVersion "1"]
[SourceVersionDate "2021.10.06"]
[SourceQuality "1"]
[WhiteTeam "Brno Lokomotiva U18"]
[BlackTeam "Liberec Desko U18"]
[WhiteTeamCountry "CZE"]
[BlackTeamCountry "CZE"]

1. d4 d5 2. c4 c6 3. Nf3 Nf6 4. g3 dxc4 5. Qc2 b5 6. a4 Bb7 7. Bg2 Nbd7 8. 0-0 Qc8 9. Na3 a6 10. e4 e6 11. Bd2 Be7 12. Rfe1 0-0 13. e5 Nd5 14. Re4 f5 15. exf6 N7xf6 16. Rh4 Bxa3 17. Rxa3 Ne7 18. Bb4 Nf5 19. Bxf8 Nxh4 20. Nxh4 Qxf8 21. Qe2 Qd6 22. Nf3 Nd5 23. Ra1 Re8 24. Bh3 Bc8 25. Re1 h6 26. Ne5 Nb6 27. Qh5 Rf8 28. axb5 Qxd4 29. Nf3 Qd5 30. Ne5 cxb5 31. Qg6 Qd6 32. Ng4 Qd2 33. Re3 Nd5 34. Nxh6+ Kh8 35. Nf7+ Rxf7 36. Qxf7 Nxe3 37. Qe8+ Kh7 38. Qh5+ Kg8 39. Qe8+ Kh7 40. Qh5+ 1/2-1/2

[Event "CZE-chT U18 Extraliga West 1516"]
[Site "Czech Republic"]
[Date "2016.01.23"]
[Round "6.5"]
[White "Pop, Tomas"]
[Black "Helebrand, Frantisek"]
[Result "0-1"]
[WhiteElo "1531"]
[BlackElo "1854"]
[PlyCount "56"]
[EventDate "2015.10.03"]
[EventType "team-tourn"]
[EventRounds "11"]
[EventCountry "CZE"]
[SourceTitle "EXT 2022"]
[Source "ChessBase"]
[SourceDate "2021.10.06"]
[SourceVersion "1"]
[SourceVersionDate "2021.10.06"]
[SourceQuality "1"]
[WhiteTeam "Liberec Desko U18"]
[BlackTeam "Vlasim U18"]
[WhiteTeamCountry "CZE"]
[BlackTeamCountry "CZE"]

1. e4 e6 2. d4 d5 3. Nc3 Bb4 4. e5 c5 5. a3 Bxc3+ 6. bxc3 Ne7 7. Qg4 Qc7 8. Qxg7 Rg8 9. Qxh7 cxd4 10. Ne2 dxc3 11. f4 Nbc6 12. Qd3 Na5 13. Qxc3 Nc4 14. Nd4 Bd7 15. Bd2 Rc8 16. Qb3 Qc5 17. c3 Nc6 18. Nxc6 Bxc6 19. Qb4 Qb5 20. Rg1 Qa6 21. g4 b5 22. h4 Qb6 23. Rg2 Nxd2 24. Kxd2 d4 25. Bxb5 dxc3+ 26. Qxc3 Qxb5 27. Rgg1 Qd5+ 28. Ke2 Bb5+ 0-1

[Event "Czech Fed-ch U16"]
[Site "Hrdonov"]
[Date "2013.10.28"]
[Round "3"]
[White "Filip, Vojtech"]
[Black "Pop, Tomas"]
[Result "1-0"]
[WhiteElo "1864"]
[BlackElo "1510"]
[PlyCount "103"]
[EventDate "2013.10.26"]
[EventType "swiss"]
[EventRounds "9"]
[EventCountry "CZE"]
[SourceTitle "EXT 2016"]
[Source "ChessBase"]
[SourceDate "2015.10.08"]
[SourceVersion "1"]
[SourceVersionDate "2015.10.08"]
[SourceQuality "1"]

1. d4 d5 2. c4 c6 3. Nc3 Nf6 4. Bg5 Nbd7 5. Nf3 e6 6. cxd5 exd5 7. e3 Qa5 8. Nd2 Bd6 9. Bd3 h6 10. Bh4 Qc7 11. Bg3 Bxg3 12. hxg3 Nf8 13. Qc2 a6 14. b4 Ne6 15. Nf3 0-0 16. 0-0 Re8 17. a4 Bd7 18. Rfc1 Rac8 19. Ne5 Red8 20. Nxd7 Rxd7 21. Ne2 Re7 22. Bf5 Ne8 23. Nf4 Nd6 24. Bxe6 fxe6 25. Ng6 Rf7 26. Ne5 Rff8 27. f3 Nf7 28. Nxf7 Rxf7 29. f4 Qd7 30. Kf2 Rff8 31. g4 e5 32. dxe5 Qxg4 33. g3 Qe6 34. Kg2 Qf5 35. Qxf5 Rxf5 36. Rc5 Rf7 37. Rac1 Rfc7 38. b5 axb5 39. axb5 Kf7 40. f5 Ke7 41. Kf3 Kf7 42. Kf4 g6 43. g4 g5+ 44. Kf3 Kg7 45. e4 dxe4+ 46. Kxe4 Kf7 47. b6 Re7 48. Rd1 Rh8 49. f6 Ree8 50. Rd7+ Ke6 51. Rxb7 Rc8 52. Re7# 1-0